Central Library OPAC University of Rajshahi

Critical Reasoning : a practical introduction / (Record no. 74358)

MARC details
000 -LEADER
fixed length control field 00715nam a2200253 a 4500
001 - CONTROL NUMBER
control field 74358
003 - CONTROL NUMBER IDENTIFIER
rucl marc code BD-RjUL
005 - DATE AND TIME OF LATEST TRANSACTION
control field 20211209082536.0
008 - FIXED-LENGTH DATA ELEMENTS--GENERAL INFORMATION
fixed length control field 180724m20161996xxua|||| i||| 001 0 eng d
020 ## - INTERNATIONAL STANDARD BOOK NUMBER
International Standard Book Number 9781138686328
Terms of availability Rs.999.00
035 ## - SYSTEM CONTROL NUMBER
System control number (BD-RjUL)74576)
040 ## - CATALOGING SOURCE
Original cataloging agency BD-RjUL
Language of cataloging eng
Transcribing agency BD-RjUL
041 ## - LANGUAGE CODE
Language code of text/sound track or separate title eng
082 ## - DEWEY DECIMAL CLASSIFICATION NUMBER
Edition number 23
Classification number 160
Author mark and year THC 2009
100 ## - MAIN ENTRY--PERSONAL NAME
Personal name Thoson, Anne
9 (RLIN) 221895
245 10 - TITLE STATEMENT
Title Critical Reasoning : a practical introduction /
Statement of responsibility, etc. Anne Thoson
250 ## - EDITION STATEMENT
Edition statement 3rd ed. 2009
260 ## - PUBLICATION, DISTRIBUTION, ETC. (IMPRINT)
Place of publication, distribution, etc. London :
Name of publisher, distributor, etc. Routledge ,
Date of publication, distribution, etc. c1996 [Reprint 2016]
300 ## - PHYSICAL DESCRIPTION
Pagination 238 p. :
Illustrations ill ;
Size 24 cm.
500 ## - GENERAL NOTE
General note Includes Index.
650 ## - SUBJECT ADDED ENTRY--TOPICAL TERM
Topical term or geographic name as entry element Critical Thinking
9 (RLIN) 221896
Topical term or geographic name as entry element Reasoning
9 (RLIN) 221897
942 ## - ADDED ENTRY ELEMENTS (KOHA)
Source of classification or shelving scheme Dewey Decimal Classification
Koha item type Books
Holdings
Lost status Source of classification or shelving scheme Damaged status Not for loan Collection code Permanent Location Current Location Shelving location Date acquired Source of acquisition Cost, normal purchase price Total Checkouts Full call number Date last seen Copy number Koha item type Date checked out
  Dewey Decimal Classification   Not For Loan Non-fiction Central Library, University of Rajshahi Central Library, University of Rajshahi Reading Room 12/07/2018 International book sistribution , Dhaka. 999.00   160 THC 2016 24/07/2018 C-1 Books  
  Dewey Decimal Classification     Non-fiction Central Library, University of Rajshahi Central Library, University of Rajshahi   12/07/2018 International book sistribution , Dhaka. 999.00 3 160 THC 2016 12/09/2023 C-2 Books 16/08/2023
  Dewey Decimal Classification     Non-fiction Central Library, University of Rajshahi Central Library, University of Rajshahi   12/07/2018 International book sistribution , Dhaka. 999.00 2 160 THC 2016 12/05/2024 C-3 Books 25/04/2024
  Dewey Decimal Classification     Non-fiction Central Library, University of Rajshahi Central Library, University of Rajshahi   12/07/2018 International book sistribution , Dhaka. 999.00   160 THC 2016 24/07/2018 C-4 Books